| 000 | 01986nam a22003615i 4500 | ||
|---|---|---|---|
| 999 |
_c27941 _d27912 |
||
| 003 | EG-ScBUE | ||
| 005 | 20191222120948.0 | ||
| 008 | 191222s2019 ua f 000 0 ara d | ||
| 017 | _a2014 / 21321 | ||
| 020 | _a9789776181823 | ||
| 040 |
_aEG-ScBUE _bara _erda _cEG-ScBUE _dEG-ScBUE |
||
| 041 | 1 |
_aara _aeng _hara |
|
| 082 | 0 | 4 |
_a418.02 _bس ع د _222 |
| 100 | 1 |
_aأبو سعده، عبد الرحمن محسن، _eمؤلف. |
|
| 245 | 1 | 2 |
_aالأساس في الترجمة / _cإعداد دكتور عبد الرحمن محسن أبو سعده، أستاذ اللغويات والترجمة - كلية اللغات والترجمة - جامعة الأزهر، عميد كلية اللغات والترجمة، جامعة مصر للعلوم والتكنولوجيا سابقا، الأستاذ سامي خليل الشاهد، رئيس تحرير جريدة الجازيت الأسبق ؛ راجعه وحدثه وكتب المقدمة أ. د. محمود كامل، أستاذ اللغويات والترجمة، رئيس قسم اللغة الإنجليزية، أكاديمية الفنون. |
| 246 | 3 | 5 | _aGroundwork of translation |
| 250 |
_aالطبعة الرابعة، مزيدة ومنقحة = _bRevised fourth edition. |
||
| 264 | 1 |
_aمدينة 6 أكتوبر، الجيزة، مصر : _bالمكتبة العالمية للنشر والتوزيع، _c2019. |
|
| 300 |
_a272 صفحة ؛ _c22 سم |
||
| 336 |
_aنص _btxt _2rdacontent |
||
| 337 |
_aبدون وسيط _bn _2rdamedia |
||
| 338 |
_aمجلد _bnc _2rdacarrier |
||
| 650 | 7 |
_aالترجمة. _2BUEsh |
|
| 650 | 7 |
_aالترجمة الإنجليزية. _2BUEsh |
|
| 650 | 7 |
_aاللغة العربية _xترجمة. _2BUEsh |
|
| 650 | 7 |
_aاللغة الإنجليزية _xترجمة. _2BUEsh _926944 |
|
| 651 | _2BUEsh | ||
| 653 |
_bHHUUEENN _cDecember2019 |
||
| 655 | _vReading book | ||
| 700 | 1 |
_aشاهد، سامي خليل، _eمؤلف. |
|
| 700 | 1 |
_aكامل، محمود، _eمراجع. |
|
| 942 | _2ddc | ||